00382nam a2200145Ia 4500008004100000020001500041041001200056082001600068100001400084245006900098260002900167300000900196650001600205700001500221221030s9999 xx 000 0 und d a817656222X aEnglish a105.23bMin aM. Minasi 0aMastering TM Windows 2000 Professionalcby M. Minasi, T. Philips bBPB PubaNew Delhic2000 a1163 aBE Computer aT. Philips